Patterns of data modeling
Shranjeno v:
| Glavni avtor: | |
|---|---|
| Format: | Knjiga |
| Jezik: | angleščina |
| Izdano: |
Boca Ratón
CRC Press Taylor and Francis Group
2010
|
| Izdaja: | 1a. ed |
| Serija: | Emerging Directions in Database Systems and Applications
|
| Teme: | |
| Oznake: |
Označite
Brez oznak, prvi označite!
|
MARC
| LEADER | 00000cam a2200000 a 4500 | ||
|---|---|---|---|
| 001 | UCC1477 | ||
| 003 | CL-VaPUC | ||
| 008 | 171025e20100000us |||||||||||||||||eng|d | ||
| 020 | |a 9781439819890 | ||
| 082 | 0 | 4 | |a 005.74 |b BLA |2 21 |
| 100 | 0 | |a Blaha, Michael |e author |9 595579 | |
| 245 | 1 | 0 | |a Patterns of data modeling |
| 250 | |a 1a. ed | ||
| 300 | |a 245 p | ||
| 942 | |c BK | ||
| 945 | |d 20171025 21:08:00 |a arojas | ||
| 260 | |a Boca Ratón |b CRC Press Taylor and Francis Group |c 2010 | ||
| 650 | 0 | |a Bases de datos |9 260577 | |
| 650 | 0 | |a Administración de bases de datos |9 260338 | |
| 650 | 7 | |a ESTRUCTURA DE DATOS |2 CL-VaPUC |9 406477 | |
| 583 | |a last modification |c 20171025 21:08:00 |k Rodrigo Vera | ||
| 490 | 0 | |a Emerging Directions in Database Systems and Applications | |
| 999 | |c 369975 |d 369973 | ||
| 952 | |0 0 |1 0 |3 erb |4 0 |6 005_740000000000000_BLA_2010 |7 0 |8 A |9 486184 |a BIBING |b BIBING |i 5432782 |o 005.74 BLA 2010 |p 5432782 |r 2025-01-20 |w 2019-11-24 |y BK |z Catalogado en:20171025 |k EII | ||